| 000 | 01352cam a22002415a 4500 | ||
|---|---|---|---|
| 001 | L150610 | ||
| 008 | 100803s2010 xxkad f s 000 0 eng d | ||
| 035 | _a(Sirsi) u150610 | ||
| 041 | 0 | _aeng | |
| 050 | 0 | 4 | _a333.33 $2 18 |
| 110 | 2 |
_aRoyal Institution of Chartered Surveyors _bEconomics _95033 |
|
| 245 | 0 | 0 |
_aRICS UK commercial market survey _bQ2 2010 _h[electronic resource] |
| 260 |
_aLondon _bRICS _c2010 |
||
| 490 | 0 |
_aRICS Commercial Market Survey United Kingdom _vQ2 2010 |
|
| 520 | _aTenant demand falls for first time in a year as sentiment amongst surveyors wanes, most notably in London. Rental expectations are weakening across all sectors with the retail market likely to be worst hit. Enquiries for occupation decline across all sectors and all regions outside the North. Lettings activity for business property slipped back after a positive first quarter 2010. Surveyors are reporting that uncertainty over the extent of cuts in public spending are weighing on firms' investment decisions. | ||
| 521 | _aAdvanced | ||
| 590 | _aKA | ||
| 650 | 2 | 4 | _aRICS COMMERCIAL MARKET SURVEY |
| 651 | 4 |
_aUnited Kingdom _y |
|
| 690 | _aPROPERTY-COMMERCIAL PROPERTY-COMMERCIAL PROPERTY MARKET | ||
| 856 | 4 | 0 |
_uhttps://www.rics.org/site/download_feed.aspx?fileID=7000&fileExtension=PDF _zView the report free of charge at www.rics.org |
| 942 | _n0 | ||
| 999 |
_c110921 _d110921 |
||